[Event "Mondiale Lampo FIDE 2022"]
[Site "Alma Ata"]
[Date "30.12.2022"]
[Round "15.70"]
[White "Burmakin, Vladimir"]
[Black "Khripachenko, Alexander"]
[Result "0-1"]
[WhiteTitle ""]
[BlackTitle ""]
[WhiteElo "2498"]
[BlackElo "2219"]
[WhiteFideId "4105109"]
[BlackFideId "54184975"]
[EventDate "29.12.2022"]

1. Nf3 d5 2. g3 Nf6 3. Bg2 g6 4. b3 Bg7 5. Bb2 O-O 6. c4 dxc4 7. bxc4 c5 8. O-O
Nc6 9. d3 Qc7 10. Nc3 Rd8 11. Rb1 Be6 12. Qa4 b6 13. Rfe1 Bd7 14. Qb3 Rac8 15.
Nd5 Qd6 16. Nxf6+ Bxf6 17. Bxf6 Qxf6 18. Qb2 Qd6 19. Nd2 Nd4 20. Ne4 Qc7 21. Nc3
Bc6 22. Nd5 Qb7 23. e3 Nf5 24. Qe5 Qd7 25. h3 f6 26. Qc3 Kg7 27. h4 h5 28. Ra1
Rf8 29. Rad1 e6 30. Nf4 Bxg2 31. Nxg2 Rcd8 32. Nf4 Qc6 33. d4 cxd4 34. exd4 Rfe8
35. Qb3 Nxd4 36. Qe3 Nf3+ 37. Kf1 Nxe1 38. Rxe1 Qxc4+ 39. Kg1 e5 40. Ng2 Qd4 41.
Qa3 a5 42. Ne3 Qd6 43. Qb3 Qb4 44. Qxb4 axb4 45. Rb1 Rd4 46. Nc2 Rd2 47. Nxb4
Rc8 48. a3 Rc3 49. a4 Rc4 50. Rb3 Rdd4 51. Na6 Rxa4 52. Rxb6 Rd2 53. Nc5 Raa2
54. Rb7+ Kg8 55. Ne4 Rd1+ 56. Kg2 Ra6 57. Nc5 Rc6 58. Ne4 Rd4 59. Kf3 Ra6 60.
Rb3 Rc6 61. Ra3 Rdc4 62. Rb3 Ra4 63. Rd3 Kf7 64. Rb3 Ke6 65. Rd3 Rd4 66. Ra3 Rb4
67. Rd3 Rcc4 68. Nd2 e4+ 0-1

[Event "Mondiale Lampo FIDE 2022"]
[Site "Alma Ata"]
[Date "30.12.2022"]
[Round "15.71"]
[White "Svane, Frederik"]
[Black "Averin, Nikolay"]
[Result "0-1"]
[WhiteTitle ""]
[BlackTitle ""]
[WhiteElo "2568"]
[BlackElo "2342"]
[WhiteFideId "12923044"]
[BlackFideId "24250473"]
[EventDate "29.12.2022"]

1. c4 e6 2. g3 d5 3. Bg2 Nf6 4. Nf3 Be7 5. O-O O-O 6. d3 c5 7. cxd5 Nxd5 8. Nc3
Nc6 9. Nxd5 exd5 10. d4 Be6 11. Be3 c4 12. h4 h6 13. Ne5 Nxe5 14. dxe5 Qc7 15.
Bd4 Rfd8 16. Qd2 b5 17. f4 Bf5 18. Rad1 b4 19. Qe3 h5 20. Bf3 g6 21. Kh2 Qd7 22.
Rd2 Qa4 23. e6 f6 24. Bc5 Bxc5 25. Qxc5 Rac8 26. Qe7 Qe8 27. Qxe8+ Rxe8 28. Rxd5
Rxe6 29. Ra5 Re7 30. Rc1 Rec7 31. Rb5 c3 32. Rxb4 0-1

[Event "Mondiale Lampo FIDE 2022"]
[Site "Alma Ata"]
[Date "30.12.2022"]
[Round "15.72"]
[White "Gurel, Ediz"]
[Black "Makarian, Rudik"]
[Result "1-0"]
[WhiteTitle ""]
[BlackTitle ""]
[WhiteElo "2454"]
[BlackElo "2554"]
[WhiteFideId "44507356"]
[BlackFideId "44105681"]
[EventDate "29.12.2022"]

1. e4 d6 2. d4 Nf6 3. Nc3 e5 4. Nf3 Nbd7 5. Rg1 g6 6. g4 exd4 7. Nxd4 Bg7 8. Be3
d5 9. exd5 Ne5 10. Bb5+ c6 11. dxc6 O-O 12. Qe2 bxc6 13. Nxc6 Nxc6 14. Bxc6 Rb8
15. g5 Nd7 16. O-O-O Bxc3 17. bxc3 Qa5 18. Bd4 Ba6 19. Qf3 Rfe8 20. Rde1 Ne5 21.
Rxe5 Rxe5 22. Bxe5 Qxe5 23. Bd5 Qe7 24. Bb3 Bb7 25. Qf6 Re8 26. Rd1 h6 27. Qxg6+
Kh8 28. Qxh6+ Kg8 29. g6 Qa3+ 30. Kb1 1-0

[Event "Mondiale Lampo FIDE 2022"]
[Site "Alma Ata"]
[Date "30.12.2022"]
[Round "15.73"]
[White "Utegaliyev, Azamat"]
[Black "Arjun, Kalyan"]
[Result "1-0"]
[BlackTitle ""]
[WhiteElo "2445"]
[BlackElo "2505"]
[WhiteFideId "13702467"]
[BlackFideId "35018701"]
[EventDate "29.12.2022"]

1. e4 e5 2. Bc4 Nf6 3. d3 Nc6 4. Nc3 Bc5 5. h3 d6 6. Nge2 a6 7. Ng3 Na5 8. Qf3
Nxc4 9. dxc4 h6 10. O-O Be6 11. b3 c6 12. a4 a5 13. Be3 Nd7 14. Rad1 Qe7 15. Rd3
Bxe3 16. Qxe3 Nc5 17. Rd2 g6 18. Rfd1 O-O-O 19. f4 Qf6 20. f5 gxf5 21. exf5 Bd7
22. Nge4 Nxe4 23. Nxe4 Qe7 24. Qa7 d5 25. cxd5 cxd5 26. Rxd5 Bc6 27. Nd6+ Kc7
28. Nb5+ Bxb5 29. Qxa5+ Kc8 30. Rxd8+ Rxd8 31. Rxd8+ Qxd8 32. Qxd8+ Kxd8 33.
axb5 Kc7 34. Kf2 Kb6 35. c4 Kc5 36. Ke3 Kb4 37. Ke4 f6 38. g4 b6 39. h4 Kxb3 40.
c5 bxc5 41. b6 c4 42. b7 c3 1-0

[Event "Mondiale Lampo FIDE 2022"]
[Site "Alma Ata"]
[Date "30.12.2022"]
[Round "15.74"]
[White "Sapenov, Daniyal"]
[Black "Gadimbayli, Abdulla"]
[Result "1-0"]
[WhiteTitle ""]
[BlackTitle ""]
[WhiteElo "2323"]
[BlackElo "2524"]
[WhiteFideId "13728911"]
[BlackFideId "13404938"]
[EventDate "29.12.2022"]

1. d4 d5 2. Nf3 Nc6 3. c4 e5 4. dxe5 d4 5. a3 Nge7 6. e3 Bg4 7. Be2 dxe3 8. Bxe3
Qxd1+ 9. Bxd1 O-O-O 10. Nbd2 Nf5 11. Bf4 Bc5 12. O-O Rhe8 13. Ne4 Bf8 14. e6
fxe6 15. Ne5 Nxe5 16. Bxe5 Bxd1 17. Rfxd1 h6 18. Kf1 Nd6 19. Nxd6+ cxd6 20. Bc3
Kd7 21. a4 Rc8 22. b3 Ke7 23. Bb4 Red8 24. Rd3 Rd7 25. Rad1 Rc6 26. Re1 Kf7 27.
Rf3+ Kg6 28. Rxe6+ Kh7 29. Rxf8 Rb6 30. Bd2 Rxb3 31. Re3 Rb2 32. Bc3 Ra2 33. a5
Rc7 34. Rf4 Ra4 35. Rg3 g5 36. Rd4 Rc6 37. Rgd3 Ra3 38. Be1 Ra1 39. Rxd6 Rxc4
40. Rd7+ Kg6 41. Rxb7 Rcc1 42. Re3 Rxa5 43. g4 Ra6 44. Kg2 h5 45. h3 hxg4 46.
hxg4 Rc4 47. f3 Rc1 48. Bd2 Rc2 49. Rd7 Rac6 50. Kg3 Ra2 51. Red3 Raa6 52. Be3
Re6 53. Rxa7 Rac6 54. Rad7 Ra6 55. R7d5 Rac6 56. Rxg5+ Kf7 57. Rf5+ Ke8 58. Bg5
Rc8 59. Rfd5 Kf7 60. Rd7+ Kg6 61. Bf4 1-0

[Event "Mondiale Lampo FIDE 2022"]
[Site "Alma Ata"]
[Date "30.12.2022"]
[Round "15.75"]
[White "Bologan, Victor"]
[Black "Uskov, Artem"]
[Result "0-1"]
[WhiteTitle ""]
[BlackTitle ""]
[WhiteElo "2574"]
[BlackElo "2376"]
[WhiteFideId "13900048"]
[BlackFideId "34254854"]
[EventDate "29.12.2022"]

1. e4 c5 2. Nf3 d6 3. d4 cxd4 4. Nxd4 Nf6 5. Nc3 a6 6. Be3 Ng4 7. Bg5 h6 8. Bh4
g5 9. Bg3 Bg7 10. h3 Ne5 11. f3 Nbc6 12. Bf2 b5 13. Qd2 Nxd4 14. Bxd4 Be6 15. h4
Rc8 16. hxg5 hxg5 17. Rxh8+ Bxh8 18. a4 b4 19. Nd1 a5 20. Ne3 Kf8 21. Be2 Bf6
22. b3 Kg7 23. Nd5 Bxd5 24. exd5 Qc7 25. Ba6 Rh8 26. O-O-O Qd7 27. Kb1 Rh2 28.
Bg1 Nxf3 29. Qe3 Nxg1 30. Qxg1 Qg4 31. Rf1 Rxg2 32. Qe3 Rg3 33. Qf2 Rg2 34. Qe3
Qg3 0-1

[Event "Mondiale Lampo FIDE 2022"]
[Site "Alma Ata"]
[Date "30.12.2022"]
[Round "15.76"]
[White "Kazakov, Konstantin"]
[Black "Puranik, Abhimanyu"]
[Result "1-0"]
[WhiteTitle ""]
[BlackTitle ""]
[WhiteElo "2385"]
[BlackElo "2616"]
[WhiteFideId "13700898"]
[BlackFideId "5061245"]
[EventDate "29.12.2022"]

1. d4 Nf6 2. Nc3 d5 3. Bf4 g6 4. Nb5 Na6 5. e3 Bg7 6. Nf3 O-O 7. h3 c6 8. Nc3
Nc7 9. Be2 a5 10. a4 Nce8 11. O-O Nd6 12. Bh2 Nfe4 13. Nxe4 Nxe4 14. c4 Be6 15.
Qb3 dxc4 16. Bxc4 Bxc4 17. Qxc4 Qb6 18. Rfb1 c5 19. Qd5 Qc6 20. Qxc6 bxc6 21.
dxc5 Nxc5 22. Ra3 Rfd8 23. Kf1 Nd3 24. Rb3 c5 25. Rb5 c4 26. Ke2 Rdc8 27. g4 Nc5
28. Ra1 Nb3 29. Rb1 Ra6 30. Be5 Rac6 31. Bc3 Rd8 32. Rd1 Rxd1 33. Kxd1 Rd6+ 34.
Ke2 Bxc3 35. bxc3 Rd3 36. Rxb3 Kg7 37. Ra3 f6 38. Nd2 Rd5 39. Nxc4 Rc5 40. Nd2
e5 41. c4 f5 42. gxf5 gxf5 43. Rb3 1-0

[Event "Mondiale Lampo FIDE 2022"]
[Site "Alma Ata"]
[Date "30.12.2022"]
[Round "15.77"]
[White "Damjanovic, Vuk"]
[Black "Uruci, Endrit"]
[Result "1-0"]
[WhiteTitle ""]
[BlackTitle ""]
[WhiteElo "2361"]
[BlackElo "2297"]
[WhiteFideId "980021"]
[BlackFideId "22100199"]
[EventDate "29.12.2022"]

1. d4 d5 2. Nc3 Nf6 3. Bf4 g6 4. e3 Bg7 5. h4 h6 6. Nf3 c6 7. Qd2 b5 8. Bd3 Nbd7
9. a3 Bb7 10. Ne5 a5 11. Ne2 O-O 12. Nxd7 Qxd7 13. Be5 h5 14. Nf4 Rfe8 15. O-O
Ng4 16. Bxg7 Kxg7 17. Be2 Nf6 18. Nd3 Ne4 19. Qe1 e6 20. Bf3 Qe7 21. g3 Ba6 22.
Bxe4 dxe4 23. Nc5 Reb8 24. Qxa5 Bc8 25. Qc3 Kh7 26. Nxe4 Kh6 27. Qc5 Qd8 28.
Qg5+ Qxg5 29. hxg5+ Kg7 30. Nc5 Kf8 31. e4 Ke7 32. e5 Bd7 33. c3 Ra7 34. Kg2
Rba8 35. Rh1 Rh8 36. Rh4 Rb8 37. g4 hxg4 38. Rah1 Raa8 39. Rh7 Rf8 40. Rg7 Rg8
41. Rxg8 Rxg8 42. Kg3 Bc8 43. Kxg4 Kf8 44. Rh7 Ke7 45. Kf4 Rd8 46. Ke3 Rg8 47.
Ne4 Rd8 48. Nd6 Rf8 49. Kd2 Bd7 50. Kc2 Be8 51. Kb3 Bd7 52. Kb4 Be8 53. Kc5 Bd7
54. f4 Be8 55. b3 Bd7 56. a4 1-0

[Event "Mondiale Lampo FIDE 2022"]
[Site "Alma Ata"]
[Date "30.12.2022"]
[Round "15.78"]
[White "Postlmayer, Jakob"]
[Black "Sankalp, Gupta"]
[Result "1-0"]
[WhiteTitle ""]
[BlackTitle ""]
[WhiteElo "2314"]
[BlackElo "2485"]
[WhiteFideId "1643622"]
[BlackFideId "5097010"]
[EventDate "29.12.2022"]

1. e4 e6 2. d4 d5 3. Nc3 Nf6 4. e5 Nfd7 5. f4 c5 6. Nf3 Nc6 7. Be3 Be7 8. Qd2
O-O 9. dxc5 Nxc5 10. O-O-O a6 11. h4 Qa5 12. Kb1 Rd8 13. Nd4 Na4 14. Nxa4 Qxa4
15. h5 Bd7 16. g4 Na5 17. b3 Qa3 18. g5 b5 19. g6 Nc4 20. Bxc4 bxc4 21. gxf7+
Kxf7 22. Rdf1 cxb3 23. axb3 Bb4 24. Qd3 Kg8 25. Bc1 Qa5 26. Bb2 Bb5 27. Qh3 Bxf1
28. Qxe6+ Kh8 29. h6 Bf8 30. hxg7+ Bxg7 31. Qg6 Qe1+ 32. Ka2 Qa5+ 33. Ba3 h6 34.
Nf5 Qc7 35. Nxh6 Rd6 36. Nf7+ Kg8 37. Rh8# 1-0

[Event "Mondiale Lampo FIDE 2022"]
[Site "Alma Ata"]
[Date "30.12.2022"]
[Round "15.79"]
[White "Maze, Sebastien"]
[Black "Begmuratov, Khumoyun"]
[Result "1-0"]
[WhiteTitle ""]
[BlackTitle ""]
[WhiteElo "2538"]
[BlackElo "2399"]
[WhiteFideId "613762"]
[BlackFideId "14210207"]
[EventDate "29.12.2022"]

1. e4 e5 2. Nf3 Nc6 3. Bb5 Nf6 4. d3 Bc5 5. O-O Nd4 6. Nxd4 Bxd4 7. Nd2 c6 8.
Ba4 d6 9. Nf3 Bb6 10. h3 h6 11. Bb3 O-O 12. Re1 Be6 13. c3 Re8 14. Bc2 Qc7 15.
d4 Rad8 16. Be3 Bc8 17. Qd2 exd4 18. Bxd4 Nd7 19. Nh2 Ne5 20. b3 d5 21. exd5
cxd5 22. Rac1 Bxd4 23. Qxd4 b6 24. Bb1 f6 25. Nf1 Qc5 26. Ne3 Nc6 27. Qd3 Ne5
28. Qh7+ Kf7 29. b4 Qd6 30. f4 Nc6 31. Bg6+ Ke6 32. Nc4+ 1-0

[Event "Mondiale Lampo FIDE 2022"]
[Site "Alma Ata"]
[Date "30.12.2022"]
[Round "15.80"]
[White "Petkov, Momchil"]
[Black "Mamedov, Edgar"]
[Result "1-0"]
[WhiteTitle ""]
[BlackTitle ""]
[WhiteElo "2531"]
[BlackElo "2283"]
[WhiteFideId "2921642"]
[BlackFideId "13739980"]
[EventDate "29.12.2022"]

1. d4 d5 2. c4 c6 3. Nf3 Nf6 4. Nc3 e6 5. g3 Nbd7 6. Bg2 Be7 7. O-O O-O 8. Nd2
b6 9. e4 dxc4 10. e5 Nd5 11. Nde4 Bb7 12. h4 c5 13. Bg5 Nxc3 14. bxc3 h6 15.
Bxe7 Qxe7 16. Nd6 Bxg2 17. Kxg2 cxd4 18. cxd4 b5 19. a4 b4 20. Nxc4 Nb6 21. Nd6
Nd5 22. a5 Rab8 23. Qf3 f6 24. Qb3 fxe5 25. dxe5 Qd7 26. Rac1 Nc3 27. Qc4 Kh8
28. f4 Nd5 29. Rce1 b3 30. Qd3 b2 31. Rb1 Qa4 32. Kh3 Qb4 33. Qg6 Qc3 34. Nf7+
Kg8 35. Nxh6+ Kh8 36. Nf7+ Kg8 37. Ng5 Rxf4 38. Qh7+ Kf8 39. Nxe6+ Ke7 40. Nxf4
Nxf4+ 41. Rxf4 Qc8+ 42. Qf5 Qg8 43. Qg5+ Kd7 44. e6+ Qxe6+ 45. Qg4 Qxg4+ 46.
Kxg4 Kd6 47. Rf2 Rb5 48. Rfxb2 Rxa5 49. Rb7 Ra4+ 50. Kh3 g6 51. Rg7 a5 52. Rxg6+
Ke5 53. Rg5+ Kf6 54. Rb6+ Kf7 55. Ra6 Ra1 56. Rgxa5 Re1 57. Rb6 Re7 58. Rh5 Kg7
59. Rhh6 Rd7 60. Rbg6+ Kf8 61. Rh8+ Kf7 62. Rh7+ Kxg6 63. Rxd7 Kh5 64. Rd5+ Kh6
65. g4 1-0

[Event "Mondiale Lampo FIDE 2022"]
[Site "Alma Ata"]
[Date "30.12.2022"]
[Round "15.81"]
[White "Harutyunyan, Tigran K."]
[Black "Elier, Ali"]
[Result "1-0"]
[WhiteTitle ""]
[WhiteElo "2511"]
[BlackElo "2165"]
[WhiteFideId "13303635"]
[BlackFideId "16217543"]
[EventDate "29.12.2022"]

1. Nf3 Nf6 2. g3 d5 3. Bg2 e6 4. O-O Be7 5. c4 O-O 6. b3 c5 7. cxd5 Nxd5 8. Bb2
Bf6 9. Nc3 Nc6 10. Rc1 b6 11. Qc2 Bb7 12. Nxd5 Bxb2 13. Qxb2 Qxd5 14. Rc4 Nd4
15. d3 Rad8 16. b4 Ba8 17. bxc5 bxc5 18. Rfc1 Rb8 19. Qd2 Rfc8 20. h4 h6 21. Ne1
Qd6 22. Bxa8 Rxa8 23. e3 Nf5 24. d4 g5 25. hxg5 hxg5 26. Rxc5 Rxc5 27. Rxc5 f6
28. Qb2 Rb8 29. Qc2 Kg7 30. Rc7+ Kg6 31. g4 Rh8 32. gxf5+ exf5 33. Qc4 Rf8 34.
Qc5 Qd8 35. Nf3 Rh8 36. Qc6 Kh5 37. Kg2 Kg4 38. Ne5+ Kh5 39. Qf3+ g4 40. Qxf5+
Kh6 41. Qg6# 1-0

[Event "Mondiale Lampo FIDE 2022"]
[Site "Alma Ata"]
[Date "30.12.2022"]
[Round "15.82"]
[White "Korelskiy, Egor"]
[Black "Haldorsen, Benjamin"]
[Result "1/2-1/2"]
[WhiteTitle ""]
[BlackTitle ""]
[WhiteElo "2153"]
[BlackElo "2449"]
[WhiteFideId "34329064"]
[BlackFideId "1512633"]
[EventDate "29.12.2022"]

1. e4 c5 2. Nf3 Nc6 3. Bb5 e6 4. Bxc6 bxc6 5. O-O Ne7 6. e5 Ng6 7. b3 f6 8. exf6
gxf6 9. Bb2 Bg7 10. d3 O-O 11. Nbd2 d5 12. a4 e5 13. Ba3 Nf4 14. Bxc5 Rf7 15.
Ba3 Bg4 16. Qe1 Qd7 17. g3 Bxf3 18. Nxf3 Qh3 19. Nh4 f5 20. Bb2 Re8 21. f3 Bf6
22. gxf4 Bxh4 23. Qe2 e4 24. Kh1 Kf8 25. Ba3+ Be7 26. Bxe7+ Rexe7 27. fxe4 fxe4
28. d4 e3 29. Rae1 Re4 30. Qg2 Qxg2+ 31. Kxg2 Rexf4 32. Rxf4 Rxf4 33. c3 Rf2+
34. Kg3 Rb2 35. b4 e2 36. Kf3 Rc2 37. Rxe2 Rxc3+ 38. Re3 Rc4 39. b5 cxb5 40.
axb5 Rxd4 41. Ra3 Rb4 42. Rxa7 Rxb5 43. Rxh7 1/2-1/2

[Event "Mondiale Lampo FIDE 2022"]
[Site "Alma Ata"]
[Date "30.12.2022"]
[Round "15.83"]
[White "Khusenkhojaev, Mustafokhuja"]
[Black "Abdilkhair, Abilmansur"]
[Result "0-1"]
[BlackTitle ""]
[WhiteElo "2265"]
[BlackElo "2278"]
[WhiteFideId "14700727"]
[BlackFideId "13716417"]
[EventDate "29.12.2022"]

1. d4 d5 2. Nf3 Nf6 3. c4 dxc4 4. e3 Bg4 5. Bxc4 e6 6. h3 Bh5 7. O-O a6 8. Nc3
Nc6 9. Be2 Bd6 10. b3 O-O 11. Bb2 Qe7 12. Nd2 Bxe2 13. Qxe2 e5 14. d5 Nb4 15. e4
c6 16. dxc6 Nxc6 17. Nf3 Nd4 18. Qd3 Rfd8 19. Nd5 Nxd5 20. exd5 Bc5 21. Nxd4
Bxd4 22. Bxd4 Rxd5 23. Rfe1 Qd7 24. Rad1 Rxd4 25. Qf3 Rd8 26. Rc1 Rd5 27. g3 f6
28. h4 Qf7 29. Rc4 Rd3 30. Qg2 R3d4 31. Rc3 Rd3 32. Rc4 R3d4 33. Rc3 Rd1 34.
Rxd1 Rxd1+ 35. Kh2 Rd8 36. Qe4 Qd5 37. Qxd5+ Rxd5 38. Rc8+ Kf7 39. Rc7+ Kg6 40.
Rxb7 Rd2 41. Kg2 Rxa2 42. Kf3 Rb2 43. g4 a5 44. Rb5 h5 45. gxh5+ Kxh5 46. Kg3
Rc2 47. f3 Rc3 48. Rxa5 Rxb3 49. Rc5 Kg6 50. Kg2 Kh5 51. Kg3 Kg6 52. Kg2 Kf5 53.
Kg3 Rb4 54. Ra5 Kg6 55. Rc5 Ra4 56. Rb5 Kf5 57. Rc5 Ra3 58. Rb5 Ra1 59. Rb7 Ke6
60. Rb6+ Kf5 61. Rb7 Kg6 62. Rb4 Ra3 63. Rc4 f5 64. Kg2 Kh5 65. Rb4 g6 66. Rc4
Re3 67. Kf2 f4 68. Rc6 Ra3 69. Rc5 Ra2+ 70. Ke1 Kxh4 71. Rxe5 g5 72. Rb5 Ra3 73.
Kf2 Ra2+ 74. Ke1 Ra3 75. Kf2 Rc3 76. Ra5 Rc2+ 77. Ke1 Rb2 78. Rc5 Kg3 79. Rxg5+
Kxf3 80. Ra5 Rb1+ 81. Kd2 Kf2 82. Kd3 f3 83. Ra2+ Kg3 84. Ra3 Rb8 85. Ke3 Re8+
86. Kd2 Kg2 0-1

[Event "Mondiale Lampo FIDE 2022"]
[Site "Alma Ata"]
[Date "30.12.2022"]
[Round "15.84"]
[White "Amangeldy, Ernur"]
[Black "Shishkov, Andrei"]
[Result "0-1"]
[BlackTitle ""]
[WhiteElo "2097"]
[BlackElo "2340"]
[WhiteFideId "13720244"]
[BlackFideId "4500563"]
[EventDate "29.12.2022"]

1. d4 d5 2. c4 Bf5 3. cxd5 Bxb1 4. Qa4+ c6 5. Rxb1 Qxd5 6. e3 Nd7 7. Qc4 Ngf6 8.
Nf3 e6 9. Bd3 Bd6 10. Bd2 Qxc4 11. Bxc4 Ne4 12. Bc3 Nxc3 13. bxc3 b5 14. Bd3 Nb6
15. Nd2 e5 16. Ke2 Kd7 17. dxe5 Bxe5 18. c4 a6 19. Rhd1 Na4 20. Ne4 Ke7 21. Bc2
Nb6 22. f4 Bc7 23. c5 Nd5 24. Bb3 Rhd8 25. Bxd5 Rxd5 26. Rxd5 cxd5 27. Nc3 Ke6
28. Rd1 Rd8 29. Rd4 f5 30. a4 Ba5 31. Kd3 Rc8 32. axb5 Bxc3 33. Kxc3 Rxc5+ 34.
Kd3 Rxb5 35. Ra4 a5 36. Kd4 Rb4+ 0-1

[Event "Mondiale Lampo FIDE 2022"]
[Site "Alma Ata"]
[Date "30.12.2022"]
[Round "15.85"]
[White "Tologon tegin, Semetei"]
[Black "Mamatov, Melis"]
[Result "1-0"]
[WhiteTitle ""]
[BlackTitle ""]
[WhiteElo "2394"]
[BlackElo "2399"]
[WhiteFideId "13800574"]
[BlackFideId "13800027"]
[EventDate "29.12.2022"]

1. Nf3 c5 2. g3 b6 3. Bg2 Bb7 4. O-O d5 5. c4 Nf6 6. cxd5 Nxd5 7. Nc3 e6 8. d4
Nd7 9. Qa4 a6 10. dxc5 Bxc5 11. Rd1 O-O 12. Nxd5 exd5 13. b4 b5 14. Qb3 Bb6 15.
Bb2 Nf6 16. e3 Qe7 17. Nd4 Rac8 18. Nf5 Qe6 19. Bh3 Qe4 20. Nd6 Qe7 21. Bxc8
Rxc8 22. Nxb7 Qxb7 23. Bxf6 gxf6 24. Qxd5 Qe7 25. Qd6 Qa7 26. Qxf6 Bc7 27. Rd7
Rf8 28. Rc1 1-0

[Event "Mondiale Lampo FIDE 2022"]
[Site "Alma Ata"]
[Date "30.12.2022"]
[Round "15.86"]
[White "Everett, Elijah"]
[Black "Suleimen, Ergali"]
[Result "0-1"]
[WhiteElo "2202"]
[BlackElo "2073"]
[WhiteFideId "12973696"]
[BlackFideId "13724452"]
[EventDate "29.12.2022"]

1. e4 c5 2. Nf3 Nc6 3. d4 cxd4 4. Nxd4 e5 5. Nb5 d6 6. N1c3 a6 7. Na3 b5 8. Nd5
Nf6 9. Bg5 Be7 10. Bxf6 Bxf6 11. c3 Rb8 12. Nc2 Bg5 13. a4 bxa4 14. Ncb4 Nxb4
15. cxb4 O-O 16. Rxa4 a5 17. h4 Bh6 18. b5 Bd7 19. Nc3 d5 20. exd5 f5 21. Be2 e4
22. d6 Kh8 23. Qd5 Qf6 24. h5 Bc1 25. Nd1 Bf4 26. O-O Rb6 27. Rxa5 Rxd6 28. Qc5
Rc8 29. Qa3 Rd2 30. Ra6 Qg5 31. Re1 h6 32. Ra8 Rxa8 33. Qxa8+ Kh7 34. Qa3 Rxe2
35. Rxe2 Qxh5 36. Re1 Qh2+ 37. Kf1 Bxb5+ 0-1

[Event "Mondiale Lampo FIDE 2022"]
[Site "Alma Ata"]
[Date "30.12.2022"]
[Round "15.87"]
[White "Akhilbay, Imangali"]
[Black "Nissinen, Niilo Man"]
[Result "1-0"]
[BlackTitle ""]
[WhiteElo "2140"]
[BlackElo "1996"]
[WhiteFideId "13734857"]
[BlackFideId "30950767"]
[EventDate "29.12.2022"]

1. d4 Nf6 2. Bf4 d5 3. Nc3 Bf5 4. f3 e6 5. g4 Bg6 6. h4 h5 7. g5 Nfd7 8. e3 a6
9. Bd3 Bxd3 10. Qxd3 g6 11. e4 dxe4 12. fxe4 Bd6 13. e5 Be7 14. Ne4 O-O 15. Nf6+
Kg7 16. Ne2 c5 17. c3 Nc6 18. Rd1 cxd4 19. cxd4 Nb6 20. Ng3 Rh8 21. O-O Nd5 22.
Bc1 Qc7 23. Qf3 Bxf6 24. gxf6+ Kf8 1-0

[Event "Mondiale Lampo FIDE 2022"]
[Site "Alma Ata"]
[Date "30.12.2022"]
[Round "16.2"]
[White "Giri, Anish"]
[Black "Nepomniachtchi, Ian"]
[Result "1/2-1/2"]
[WhiteTitle ""]
[BlackTitle ""]
[WhiteElo "2764"]
[BlackElo "2793"]
[WhiteFideId "24116068"]
[BlackFideId "4168119"]
[EventDate "29.12.2022"]

1. d4 Nf6 2. c4 e6 3. Nf3 d5 4. Nc3 c5 5. cxd5 cxd4 6. Qxd4 exd5 7. e4 dxe4 8.
Qxd8+ Kxd8 9. Ng5 Be6 10. Nxe6+ fxe6 11. Bg5 Nc6 12. Bc4 Ke7 13. Nxe4 Kf7 14.
Nxf6 gxf6 15. Be3 Rd8 16. O-O Nd4 17. Rfd1 Bc5 18. Rac1 Bb6 19. Kf1 Rd6 20. Bxd4 1/2-1/2

[Event "Mondiale Lampo FIDE 2022"]
[Site "Alma Ata"]
[Date "30.12.2022"]
[Round "16.6"]
[White "Artemiev, Vladislav"]
[Black "Yu, Yangyi"]
[Result "1-0"]
[WhiteTitle ""]
[BlackTitle ""]
[WhiteElo "2701"]
[BlackElo "2728"]
[WhiteFideId "24101605"]
[BlackFideId "8603820"]
[EventDate "29.12.2022"]

1. c4 Nf6 2. Nc3 c5 3. g3 e6 4. Nf3 d5 5. cxd5 exd5 6. d4 Nc6 7. Bg2 cxd4 8.
Nxd4 Bc5 9. Nb3 Bb6 10. O-O d4 11. Na4 O-O 12. Re1 h6 13. e3 Bg4 14. f3 Be6 15.
Nxb6 axb6 16. Nxd4 Nxd4 17. Qxd4 Qxd4 18. exd4 Bxa2 19. Bd2 Bc4 20. Kf2 Rfd8 21.
Bh3 b5 22. Bf5 Nd5 23. Ba5 b6 24. Bd2 b4 25. Be4 b3 26. Rxa8 Rxa8 27. Rc1 Ra4
28. Bxd5 Bxd5 29. Ke3 Ra2 30. Rc8+ Kh7 31. Bc3 Ra8 32. Rc7 Re8+ 33. Kf2 b5 34.
g4 f6 35. h4 Bc4 36. d5 Re2+ 37. Kg3 Kg8 38. d6 Kf8 39. Rc8+ 1-0

[Event "Mondiale Lampo FIDE 2022"]
[Site "Alma Ata"]
[Date "30.12.2022"]
[Round "16.7"]
[White "Moussard, Jules"]
[Black "Andreikin, Dmitry"]
[Result "0-1"]
[WhiteTitle ""]
[BlackTitle ""]
[WhiteElo "2684"]
[BlackElo "2729"]
[WhiteFideId "642908"]
[BlackFideId "4158814"]
[EventDate "29.12.2022"]

1. c4 e6 2. Nf3 d5 3. e3 Nf6 4. d4 Be7 5. Nbd2 O-O 6. Bd3 dxc4 7. Bxc4 c5 8. O-O
Nbd7 9. b3 a6 10. a4 b6 11. Bb2 Bb7 12. Qe2 cxd4 13. Bxd4 Bc5 14. Bb2 Qe7 15.
Rfd1 Rfd8 16. h3 Bb4 17. Nf1 Ne4 18. Rac1 Ndc5 19. Bd4 b5 20. axb5 axb5 21. Bxc5
Qxc5 22. Bxb5 Nc3 23. Rxc3 Qxc3 24. Rxd8+ Rxd8 25. Bc4 Qa1 26. Kh2 Bd6+ 27. Ng3
g6 28. e4 Bf4 29. h4 Rd1 30. Kh3 h5 31. Qc2 Rh1+ 32. Nh2 Rc1 33. Qd3 Rd1 34. Qf3
e5 35. Ne2 Bc8+ 36. g4 hxg4+ 37. Nxg4 Rh1+ 0-1

[Event "Mondiale Lampo FIDE 2022"]
[Site "Alma Ata"]
[Date "30.12.2022"]
[Round "16.8"]
[White "Anton Guijarro, David"]
[Black "Rapport, Richard"]
[Result "1/2-1/2"]
[WhiteTitle ""]
[BlackTitle ""]
[WhiteElo "2675"]
[BlackElo "2740"]
[WhiteFideId "2285525"]
[BlackFideId "738590"]
[EventDate "29.12.2022"]

1. Nf3 c5 2. e3 g6 3. d4 Bg7 4. Be2 Nf6 5. O-O O-O 6. dxc5 Qc7 7. a3 Qxc5 8. b4
Qc7 9. Bb2 b6 10. c4 Bb7 11. Nc3 d6 12. Rc1 Nbd7 13. Nd4 Rac8 14. Qb3 Qb8 15.
Rfd1 Rfe8 16. h3 a6 17. Bf1 Ba8 18. Nd5 e6 19. Nxf6+ Nxf6 20. Ne2 d5 21. Nf4 d4
22. Ba1 e5 23. Ne2 b5 24. exd4 e4 25. d5 bxc4 26. Rxc4 e3 27. fxe3 Rxc4 28. Qxc4
Nxd5 29. Bxg7 Nxe3 30. Qd4 Nf5 31. Qf4 Kxg7 32. Qxb8 Rxb8 1/2-1/2

[Event "Mondiale Lampo FIDE 2022"]
[Site "Alma Ata"]
[Date "30.12.2022"]
[Round "16.9"]
[White "Dardha, Daniel"]
[Black "Harikrishna, Pentala"]
[Result "1/2-1/2"]
[WhiteTitle ""]
[BlackTitle ""]
[WhiteElo "2606"]
[BlackElo "2705"]
[WhiteFideId "240990"]
[BlackFideId "5007003"]
[EventDate "29.12.2022"]

1. c4 e5 2. g3 Nf6 3. Bg2 d5 4. cxd5 Nxd5 5. Nf3 Nc6 6. O-O Be7 7. d4 e4 8. Ne5
f5 9. Nxc6 bxc6 10. Qc2 Bd7 11. Nc3 O-O 12. f3 exf3 13. Bxf3 Be6 14. Kh1 Kh8 15.
Na4 Qe8 16. Bf4 Bd6 17. Qd2 Rd8 18. Rac1 Nxf4 19. gxf4 Bxa2 20. Bxc6 Qe6 21. e3
Bd5+ 22. Bxd5 Qxd5+ 23. Qg2 Qxg2+ 24. Kxg2 Rb8 25. Rc2 Rfe8 26. Kf3 Rb3 27. Nc3
c5 28. Ra1 cxd4 29. exd4 Rb4 30. Ra4 Rxa4 31. Nxa4 h6 32. Nc3 g5 33. fxg5 hxg5
34. h3 Rb8 35. Rg2 Be7 36. Ke3 Kg7 37. Kd3 Kg6 38. Nd5 Bf6 39. b4 Rd8 40. Kc4
Rc8+ 41. Kd3 Rd8 42. Kc4 Rc8+ 43. Kd3 Rd8 1/2-1/2